000
00319nam a2200145Ia 4500
100
_a
Cattell/ R.G.G.
942
_c
BK
654
_a
Database
245
_a
Object Data Management
260
_b
Addison Wesley Pub
_a
Eaglewood cliffs
_c
1994
082
_a
5.756
_b
CAT
300
_a
389
546
_a
ENGLISH
999
_c
26287
_d
26287